000 00729nab a2200229 4500
003 BR-BrBNA
005 20251208231622.0
008 251208b bl.||||| |||| 00| 0 por d
040 _aBR-BrBNA
_bpor
072 _aQ60
_b9924
100 _aPontes, Alécia
245 _aDe volta para o futuro
_bAgrotecnologia
500 _a4 illus.
650 _aCACHAÇA
650 _aIRRADIAÇÃO GAMA
650 _aENVELHECIMENTO
650 _aQUALIDADE
650 _aPROCESSAMENTO
773 0 _01706
_9348080
_dSão Paulo-SP Editora Três Ltda - E-mail: luizfsa@revistadinheiro.com.br 2004
_o2025-0574
_tDinheiro Rural (Brazil)
_x1807-3700
_gv. 9(102) p. 30-31; (Apr 2013)
_wBR2025005274
942 _cANA
999 _c339396
_d339396